Calculus: Student mathematics handbook (Record no. 329381)

000 -LEADER
fixed length control field 00609 a2200169 4500
003 - CONTROL NUMBER IDENTIFIER
control field Nust
005 - DATE AND TIME OF LATEST TRANSACTION
control field 20170504111634.0
008 - FIXED-LENGTH DATA ELEMENTS--GENERAL INFORMATION
fixed length control field 170504b xxu||||| |||| 00| 0 eng d
020 ## - INTERNATIONAL STANDARD BOOK NUMBER
International Standard Book Number 0130819549
040 ## - CATALOGING SOURCE
Transcribing agency 0
082 ## - DEWEY DECIMAL CLASSIFICATION NUMBER
Classification number 515 BRA
100 ## - MAIN ENTRY--PERSONAL NAME
Personal name Bradley, Gerald L.
245 ## - TITLE STATEMENT
Title Calculus: Student mathematics handbook
Statement of responsibility, etc. Gerald L. Bradley, Karl J. Smith
250 ## - EDITION STATEMENT
Edition statement 2nd ed.
260 ## - PUBLICATION, DISTRIBUTION, ETC.
Place of publication, distribution, etc. New Jersey:
Name of publisher, distributor, etc. Prentice- Hall,
Date of publication, distribution, etc. 1998.
300 ## - PHYSICAL DESCRIPTION
Extent 202 p. :
Other physical details ill. ;
Dimensions 24cm.
500 ## - GENERAL NOTE
General note Includes index
501 ## - WITH NOTE
With note P.B
650 ## - SUBJECT ADDED ENTRY--TOPICAL TERM
Topical term or geographic name entry element Calculus
942 ## - ADDED ENTRY ELEMENTS (KOHA)
Koha item type Book
Call number prefix 515 BRA
Source of classification or shelving scheme
Holdings
Withdrawn status Lost status Source of classification or shelving scheme Damaged status Not for loan Collection code Permanent Location Current Location Shelving location Date acquired Total Checkouts Total Renewals Full call number Barcode Date last seen Date last checked out Price effective from Koha item type
            Institute of Environmental Science and Engineering (IESE) Institute of Environmental Science and Engineering (IESE) General Stacks 05/04/2017 1 1 515 BRA IESE-2030 01/29/2026 02/18/2025 05/04/2017 Book
© 2023 Central Library, National University of Sciences and Technology. All Rights Reserved.